| LEADER | 00472cam a2200157 7i4500 | ||
|---|---|---|---|
| 001 | 0000010682 | ||
| 005 | 20020429090000.0 | ||
| 020 | 0 | 0 | |a 1567459854 |
| 090 | 0 | 0 | |a T 382.7 |b WOR(NIGR) |
| 245 | 0 | 0 | |a Worldtariff guidebook on customs tariff schedules of import duties for Nigeria. |
| 250 | 0 | 0 | |a 4th ed. |
| 260 | 0 | 0 | |a San Francisco: |b Worldtariff, |c 2001. |
| 300 | # | # | |a [v.p]. |
| 650 | 0 | 0 | |a Tariff -- |z Nigeria |
| 651 | 0 | 0 | |a Nigeria |
| 999 | |a B000013369 |b Book |c Tariffs |e Business Information Centre | ||


